006470000a220013300045001000028000002450038000283000032000665200276000986500015003747730009003899420008003989520090004069990017004961 aVasconcelos, Gláucia.10aEcumenismo primo: onde a vida une ano.30 (dic., 2009), p. 3-13 a"Las aguas del bautismo nos atraen más y más profundamente al conocimiento de que somos cada uno de nosotros y cada una de nuestras iglesias más que una sola gota: sabemos que las gotas se necesitan para formar el río de la vida que hace todo fresco y nuevo. "14aECUMENISMO0 tTEAR cANA 001040708HEMaFUSBCbFUSBCd2016-01-26l0o r2016-01-26 00:00:00w2016-01-26yANA c63094d63094